| 000 | 00354nam a22001457a 4500 | ||
|---|---|---|---|
| 999 |
_c12207 _d12207 |
||
| 020 | _a978-93-534-3742-8 | ||
| 082 | _a658.31 | ||
| 100 | _aSteven.A.Beebe | ||
| 245 | _aTraining and Development Communication for Success | ||
| 250 | _aSecond Edition | ||
| 260 |
_aNew Delhi _bPearson _c2019 |
||
| 300 | _a321 | ||
| 650 | _aManagement | ||
| 942 | _cBK | ||